000 00966cam a2200241 a 4500
001 2563693
005 20001129093335.0
008 951006s1995 paua 001 0 eng
010 _a 95074841
020 _a0340568224
040 _aDLC
_cDLC
_dDLC
050 0 0 _aTL210
_b.H36 1995
082 0 0 _a629.25
_222
_bHEI
100 1 _aHeisler, Heinz.
_96858
245 1 0 _aAdvanced Engine Technology /
_cHeinz Heisler.
260 _aLondon :
_bEdward Arnold,
_cc1995.
300 _aix, 794 p. :
_bill. ;
_c25 cm.
500 _aIncludes index.
650 0 _aAutomobiles
_xMotors
_xDesign and construction.
_96859
942 _2ddc
_cBB
999 _c12013
_d12013